Central Library, Doon University
WEBOPAC (ONLINE PUBLIC ACCESS CATALOGUE)

Thesis Writing (Record no. 59495)

MARC details
000 -LEADER
fixed length control field 00490nam a22001937a 4500
005 - DATE & TIME
control field 20250318160201.0
008 - FIXED-LENGTH DATA ELEMENTS--GENERAL INFORMATION
fixed length control field 250318b |||||||| |||| 00| 0 eng d
020 ## - ISBN
International Standard Book Number 9789386418371
Price 299.00
040 ## - CATALOGING SOURCE
Original cataloging agency Doon University
041 ## - Language
Language English
082 ## - DDC NUMBER
Classification number 001.42
Book Number RAH
100 ## - MAIN ENTRY--PERSONAL NAME
Personal name Rahim, F. Abdul
245 ## - TITLE STATEMENT
Title Thesis Writing
Sub Title : A Manual For Researchers
250 ## - EDITION STATEMENT
Edition statement 2nd
260 ## - PUBLICATION, DISTRIBUTION, ETC. (IMPRINT)
Place of publication, distribution, etc New Delhi
Name of publisher, distributor, etc New Age International
Date of publication, distribution, etc 2018
300 ## - PHYSICAL DESCRIPTION
Pages 141
650 ## - Subject
Subject Chemistry
942 ## - ADDED ENTRY ELEMENTS (KOHA)
Koha item type Books
100 ## - MAIN ENTRY--PERSONAL NAME
-- 25387
952 ## - LOCATION AND ITEM INFORMATION (KOHA)
-- 2025-03-18
952 ## - LOCATION AND ITEM INFORMATION (KOHA)
-- 2025-03-18
952 ## - LOCATION AND ITEM INFORMATION (KOHA)
-- 2025-03-18
952 ## - LOCATION AND ITEM INFORMATION (KOHA)
-- 2025-03-18
952 ## - LOCATION AND ITEM INFORMATION (KOHA)
-- 2025-03-18
952 ## - LOCATION AND ITEM INFORMATION (KOHA)
-- 2025-03-18
952 ## - LOCATION AND ITEM INFORMATION (KOHA)
-- 2025-03-18
952 ## - LOCATION AND ITEM INFORMATION (KOHA)
-- 2025-03-18
952 ## - LOCATION AND ITEM INFORMATION (KOHA)
-- 2025-03-18
952 ## - LOCATION AND ITEM INFORMATION (KOHA)
-- 2025-03-18
Holdings
Withdrawn status Lost status Source of classification or shelving scheme Damaged status Not for loan Location (home branch) Sublocation or collection (holding branch) Date acquired Koha full call number Accession No. Koha date last seen Koha item type Koha issues (times borrowed)
        Not For Loan Doon University Doon University 18.03.2025 001.42 RAH 50375 18.03.2025 Reference  
          Doon University Doon University 18.03.2025 001.42 RAH 50376 18.03.2025 Books  
          Doon University Doon University 18.03.2025 001.42 RAH 50377 18.03.2025 Books  
          Doon University Doon University 18.03.2025 001.42 RAH 50378 18.03.2025 Books  
          Doon University Doon University 18.03.2025 001.42 RAH 50379 18.03.2025 Books  
          Doon University Doon University 18.03.2025 001.42 RAH 50380 18.03.2025 Books  
          Doon University Doon University 18.03.2025 001.42 RAH 50381 18.03.2025 Books  
          Doon University Doon University 18.03.2025 001.42 RAH 50382 18.03.2025 Books  
          Doon University Doon University 18.03.2025 001.42 RAH 50383 18.03.2025 Books  
          Doon University Doon University 18.03.2025 001.42 RAH 50384 18.03.2025 Books  
Contact : +91-135-2533126 (Library),+91-135-2533105 (Admin Office) , Email : doonlibrary@gmail.com

Powered by Koha